Michael Abrash's graphics programming black book. / (Record no. 21610)
[ view plain ]
| 000 -LEADER | |
|---|---|
| fixed length control field | 00580nam a2200205 a 4500 |
| 005 - DATE AND TIME OF LATEST TRANSACTION | |
| control field | 20140310183333.0 |
| 008 - FIXED-LENGTH DATA ELEMENTS--GENERAL INFORMATION | |
| fixed length control field | 060828s19uu xx 00 eng d |
| 020 ## - INTERNATIONAL STANDARD BOOK NUMBER | |
| International Standard Book Number | 1576101746 |
| 050 ## - LIBRARY OF CONGRESS CALL NUMBER | |
| Classification number | QA 76.6 |
| Item number | .Ab272 1997 |
| 100 ## - MAIN ENTRY--PERSONAL NAME | |
| Personal name | Abrash, Michael |
| 245 ## - TITLE STATEMENT | |
| Title | Michael Abrash's graphics programming black book. / |
| 250 ## - EDITION STATEMENT | |
| Edition statement | Special ed. |
| 260 ## - PUBLICATION, DISTRIBUTION, ETC. (IMPRINT) | |
| Place of publication, distribution, etc | New York : |
| Name of publisher, distributor, etc | Coriolis Group Books, |
| Date of publication, distribution, etc | 1997. |
| 300 ## - PHYSICAL DESCRIPTION | |
| Extent | 1342 p. : |
| Other physical details | ill. ; |
| Dimensions | 24 cm. |
| 521 ## - TARGET AUDIENCE NOTE | |
| Target audience note | |
| 546 ## - LANGUAGE NOTE | |
| Language note | C7897 |
| 650 ## - SUBJECT ADDED ENTRY--TOPICAL TERM | |
| Topical term or geographic name as entry element | Micro computers |
| General subdivision | Programming. |
| 650 ## - SUBJECT ADDED ENTRY--TOPICAL TERM | |
| Topical term or geographic name as entry element | Computer grahics. |
| 942 ## - ADDED ENTRY ELEMENTS (KOHA) | |
| Koha item type | Books |
| Source of classification or shelving scheme | Library of Congress Classification |
| Call number prefix | Foreign |
| Withdrawn status | Lost status | Source of classification or shelving scheme | Damaged status | Home library | Current library | Shelving location | Date acquired | Total Checkouts | Full call number | Barcode | Date last seen | Copy number | Price effective from | Koha item type | Source of acquisition | Date checked out |
|---|---|---|---|---|---|---|---|---|---|---|---|---|---|---|---|---|
| Library of Congress Classification | Archives | Archives | 12/02/2013 | 1 | QA 76.6 .Ab272 1997 vol.1 | C7568 | 08/23/2019 | 2 | 12/02/2013 | Books | Donation | 08/19/2019 | ||||
| Library of Congress Classification | Archives | Archives | 12/02/2013 | QA 76.6 .Ab272 1997 vol.2 | C1252 | 05/15/2018 | 3 | 12/02/2013 | Books | Donation | ||||||
| Library of Congress Classification | College Library | College Library | General Circulation Section | 12/02/2013 | QA 76.6 .Ab272 1997 vol.2 | C7897 | 05/15/2018 | 1 | 12/02/2013 | Books | ||||||
| Library of Congress Classification | College Library | College Library | General Circulation Section | 12/02/2013 | QA 76.6 .Ab272 1997 vol.1 | C1251 | 05/15/2018 | 4 | 12/02/2013 | Books |